Sports Quiz

Random Sports or Football Quiz
Score 0/40 Timer 10:00
0 Plays Today
Hint Answer % Correct
Passing YardsPeyton Manning
100%
Passing TouchdownsPeyton Manning
100%
Rushing YardsArian Foster
77.5%
Scrimmage YardsArian Foster
77.5%
Passing YardsCasey Clausen
75%
Passing TouchdownsCasey Clausen
75%
Rushing YardsJamal Lewis
75%
Scrimmage YardsJamal Lewis
75%
Passing YardsJoshua Dobbs
70%
Passing TouchdownsJoshua Dobbs
70%
Rushing TouchdownsJoshua Dobbs
70%
Passing YardsErik Ainge
65%
Passing TouchdownsErik Ainge
65%
Receiving YardsPeerless Price
62.5%
Receiving TouchdownsPeerless Price
62.5%
ReceptionsPeerless Price
62.5%
Rushing YardsTravis Henry
60%
Rushing TouchdownsTravis Henry
60%
Scrimmage YardsTravis Henry
60%
Passing YardsTyler Bray
57.5%
Hint Answer % Correct
Passing TouchdownsTyler Bray
57.5%
Receiving YardsJoey Kent
40%
Receiving TouchdownsJoey Kent
40%
ReceptionsJoey Kent
40%
Scrimmage YardsJalen Hurd
32.5%
Rushing TouchdownsMontario Hardesty
30%
Rushing YardsJames Stewart
27.5%
Rushing YardsJohnnie Jones
27.5%
Rushing TouchdownsJames Stewart
27.5%
ReceptionsGerald Jones
27.5%
Scrimmage YardsJames Stewart
27.5%
Receiving YardsMarcus Nash
25%
Receiving TouchdownsMarcus Nash
25%
ReceptionsMarcus Nash
25%
Receiving YardsRobert Meachem
22.5%
Receiving YardsCedrick Wilson
20%
Receiving TouchdownsCedrick Wilson
20%
ReceptionsCedrick Wilson
20%
Receiving TouchdownsDenarius Moore
15%
Rushing TouchdownsStanley Morgan
10%
Remove Ads.
Support Sporcle.
Get the best of Sporcle when you Go Orange. This ad-free experience offers more features, more stats, and more fun while also helping to support Sporcle. Thank you for becoming a member.

You're not logged in!

Compare scores with friends on all Sporcle quizzes.
OR
Log In

Show Comments

Extras

Top Quizzes Today


Score Distribution

Your Account Isn't Verified!

In order to create a playlist on Sporcle, you need to verify the email address you used during registration. Go to your Sporcle Settings to finish the process.

Report this User

Report this user for behavior that violates our Community Guidelines.

Details: